[Event "AJEC-ch fin email"]
[Site "France"]
[Date "2001.??.??"]
[Round "?"]
[White "Jabot, Daniel"]
[Black "Rodriguez, Matthieu"]
[Result "1-0"]
[WhiteElo "2224"]
[BlackElo "2117"]
[PlyCount "21"]
[EventDate "2001.??.??"]
[EventType "tourn (corr)"]
[EventRounds "15"]
[EventCountry "FRA"]
[SourceTitle "Corr 2004"]
[Source "ChessBase"]
[SourceDate "2003.04.28"]
[SourceVersion "3"]
[SourceVersionDate "2003.04.28"]
[SourceQuality "1"]

1. e4 c5 2. Nf3 d6 3. d4 cxd4 4. Nxd4 Nf6 5. Nc3 g6 6. Be3 Bg7 7. f3 0-0 8. Qd2 Nc6 9. g4 Be6 10. 0-0-0 Nxd4 11. Bxd4 1-0

[Event "AJEC Gr03 email"]
[Site "France"]
[Date "2000.??.??"]
[Round "?"]
[White "Lequeux, Olivier"]
[Black "Rodriguez, Matthieu"]
[Result "0-1"]
[WhiteElo "1850"]
[BlackElo "1850"]
[PlyCount "42"]
[EventDate "2000.03.20"]
[EventType "tourn (corr)"]
[EventRounds "10"]
[EventCountry "FRA"]
[SourceTitle "Corr 2004"]
[Source "ChessBase"]
[SourceDate "2003.04.28"]
[SourceVersion "3"]
[SourceVersionDate "2003.04.28"]
[SourceQuality "1"]

1. e4 c5 2. c3 d5 3. exd5 Qxd5 4. d4 cxd4 5. cxd4 Nc6 6. Nf3 Bg4 7. Nc3 Qh5 8. Nb5 Rd8 9. Nc7+ Kd7 10. Bf4 Bxf3 11. gxf3 e5 12. Bxe5 Nxe5 13. dxe5+ Kc8 14. Qa4 Qxe5+ 15. Be2 Qxb2 16. 0-0 Qxe2 17. Rac1 Kb8 18. Rc2 Qxf3 19. Na6+ bxa6 20. Rb2+ Bb4 21. Rxb4+ Ka8 0-1

[Event "AJEC Gr03 email"]
[Site "France"]
[Date "2000.??.??"]
[Round "?"]
[White "Rodriguez, Matthieu"]
[Black "Pinelli, Jean Claude"]
[Result "1-0"]
[WhiteElo "1850"]
[BlackElo "2012"]
[PlyCount "29"]
[EventDate "2000.03.20"]
[EventType "tourn (corr)"]
[EventRounds "10"]
[EventCountry "FRA"]
[SourceTitle "Corr 2004"]
[Source "ChessBase"]
[SourceDate "2003.04.28"]
[SourceVersion "3"]
[SourceVersionDate "2003.04.28"]
[SourceQuality "1"]

1. e4 e5 2. Nf3 Nf6 3. Nxe5 d6 4. Nf3 Nxe4 5. d4 d5 6. Bd3 Nc6 7. 0-0 Bg4 8. Bb5 Bd6 9. h3 Bd7 10. c4 dxc4 11. Re1 f5 12. Bxc4 Na5 13. Bg5 Be7 14. Ne5 Nxc4 15. Qh5+ 1-0